Normal view
MARC view
- موارد بشرية - ادارة - صناعة الضيافة
Entry Topical Term
001 - CONTROL NUMBER
- control field: 51226
003 - CONTROL NUMBER IDENTIFIER
- control field: JO-AjAnu
005 - DATE AND TIME OF LATEST TRANSACTION
- control field: 20230606082428.0
008 - FIXED-LENGTH DATA ELEMENTS
- fixed length control field: 230606|| aca||aabn | a|a d
040 ## - CATALOGING SOURCE
- Original cataloging agency: JO-AjAnu
- Transcribing agency: JO-AjAnu
150 ## - HEADING--TOPICAL TERM
- Topical term or geographic name entry element: موارد بشرية - ادارة - صناعة الضيافة
670 ## - SOURCE DATA FOUND
- Source citation: Work cat.: (JO-AjAnu)26181: الطائي، حميد عبد النبي, author 51225, إدارة الموارد البشرية في صناعة الضيافة